| 000 | 00524nam a2200181 i 4500 | ||
|---|---|---|---|
| 001 | 29740 | ||
| 003 | ES-MaACL | ||
| 005 | 20230906154100.0 | ||
| 007 | t| | ||
| 008 | 030122s1972 sp ||||1| spa d | ||
| 100 | 1 |
_aBallinger, Bill S. _925076 |
|
| 245 | 1 | 0 |
_aRetrato de humo / _cBill. S. Ballinger ; traducción del inglés, Mario Montalbán. |
| 250 | _a1ª ed. | ||
| 260 |
_a[Barcelona : _bPicaso, _c1972] |
||
| 300 |
_a234 p. ; _c18 cm. |
||
| 700 | 1 |
_aMontalbán, Mario. _982338 |
|
| 852 |
_aES-MaACL _jC-49162 _bR.80833 |
||
| 999 |
_c29740 _d29740 |
||